000 00818nam a2200253Ia 4500
003 OSt
005 20220923220710.0
006 a|||||r|||| 00| 0
007 ta
008 220922b |||||||| |||| 00| 0 hin d
024 _a189,314
037 _cTextual
040 _aARTS
_cARTS
_bhin
041 _2hin
_ahin
082 _aO152,2N25x, L8
100 _aलाल, लक्ष्मी नारायण
245 0 _aखेल नहीं नाटक
246 _aKhel nahīan nāṭaka
260 _aदिल्ली
_b सरस्वती विहार
_c1978
300 _a103पृ.
_ccm.
650 _aहिन्दी साहित्य
_9156264
942 _hO152,2N25x, L8
_cTEXL
_2CC
999 _c342157
_d342157